=LDR 00000nam 2200000 4500 =001 INLIS000000000052971 =005 20180321071142 =035 ##$$a 0010-0318000198 =007 ta =008 180321###########################0###### =020 ##$$a 979-007-169-8 =082 ##$$a 639.34 =084 ##$$a 639.34 TIM c =100 #$$a Tim Kreatif SG =245 1#$$a Cara Praktis Membuat Akuarium /$c Tim Kreatif SG =260 ##$$a Jakarta :$b Bumi Aksara,$c 2008 =300 ##$$a 29 hlm. : $b Ilus ; $c 20 cm.-- (seri life skill) =504 ##$$a Bibliografi : hlm. 30 =650 ##$$a Akuarium =990 ##$$a 61516151 =990 ##$$a 61516151 =990 ##$$a 61516151 =990 ##$$a 61516151 =990 ##$$a 61516151 =990 ##$$a 21710416 =990 ##$$a 01201806151 =990 ##$$a 01201806152 =990 ##$$a 01201806153 =990 ##$$a 01201806154 =990 ##$$a 21710417 =990 ##$$a 01201806151 =990 ##$$a 01201806152 =990 ##$$a 01201806153 =990 ##$$a 21710416 =990 ##$$a 21710418 =990 ##$$a 01201806151 =990 ##$$a 01201806152 =990 ##$$a 21710417 =990 ##$$a 21710416 =990 ##$$a 21710419 =990 ##$$a 01201806151 =990 ##$$a 21710418 =990 ##$$a 21710417 =990 ##$$a 21710416 =990 ##$$a 21710420 =990 ##$$a 21710419 =990 ##$$a 21710418 =990 ##$$a 21710417 =990 ##$$a 21710416